Management : (Record no. 2923)

000 -LEADER
fixed length control field nam a22 a 4500
005 - DATE AND TIME OF LATEST TRANSACTION
control field 20170518155556.0
008 - FIXED-LENGTH DATA ELEMENTS--GENERAL INFORMATION
fixed length control field 170518s1984 us ||||| |||| 00| 0 eng d
020 ## - INTERNATIONAL STANDARD BOOK NUMBER
International Standard Book Number 0697082288
040 ## - CATALOGING SOURCE
Original cataloging agency AKMAL
082 00 - DEWEY DECIMAL CLASSIFICATION NUMBER
Classification number 658 AND
090 ## - LOCALLY ASSIGNED LC-TYPE CALL NUMBER (OCLC); LOCAL CALL NUMBER (RLIN)
Classification number (OCLC) (R) ; Classification number, CALL (RLIN) (NR) 658
Local cutter number (OCLC) ; Book number/undivided call number, CALL (RLIN) AND
100 1# - MAIN ENTRY--PERSONAL NAME
Personal name Anderson, Carl R.
9 (RLIN) 6128
245 10 - TITLE STATEMENT
Title Management :
Remainder of title skills, functions, and organization performance /
Statement of responsibility, etc. Carl R. Anderson
260 ## - PUBLICATION, DISTRIBUTION, ETC.
Place of publication, distribution, etc. Dubuque, Iowa : |
Name of publisher, distributor, etc. W.C. Brown, |c .
Date of publication, distribution, etc. c1984
300 ## - PHYSICAL DESCRIPTION
Dimensions 27cm
Extent xxv, 758 p. :
Other physical details ill
504 ## - BIBLIOGRAPHY, ETC. NOTE
Bibliography, etc. note Includes bibliographies and indexes.<br/>
650 #0 - SUBJECT ADDED ENTRY--TOPICAL TERM
Topical term or geographic name entry element Management.
9 (RLIN) 1462
942 ## - ADDED ENTRY ELEMENTS (KOHA)
Source of classification or shelving scheme
Koha item type Book
Holdings
Withdrawn status Lost status Source of classification or shelving scheme Damaged status Not for loan Collection code Home library Current library Shelving location Date acquired Inventory number Total Checkouts Full call number Barcode Date last seen Price effective from Koha item type
          NON-FICTION AKMAL Melaka AKMAL Melaka PINJAMAN 18.05.2017 600322   658 AND 201703655 18.05.2017 18.05.2017 Book
Pusat Sumber Maklumat Dato' Haji Sarmin Md Hussin, Akademi Kastam Diraja Malaysia, Melaka
Tel: 06-2331106 | Faks: 06-2313787